Política agraria: una propuesta para la coyuntura de Guatemala en 1986

Guardat en:
Dades bibliogràfiques
Autor principal: Paz Cárcamo, Guillermo
Autor corporatiu: ICADIS
Format: Text
Publicat: San José: ICADIS
Etiquetes: Afegir etiqueta
Sense etiquetes, Sigues el primer a etiquetar aquest registre!

MARC

LEADER 00000 a a2200000 04500
001 24343
003
040
090 |a 166700  
100 |a Paz Cárcamo, Guillermo  
110 |a ICADIS  
245 |a Política agraria: una propuesta para la coyuntura de Guatemala en 1986  
260 |a San José:   |b ICADIS  
300 |a 84 p   |b **no definido**  
999 |c 16551  |d 16551